000 00340nam a22001337a 4500
020 _qPB.
040 _cFIZZA ISHAQ
082 _a696
_bWAN
100 _aJUN,WANG.
_991268
245 _aCONSTRUCTION TECHNOLOGY OF LARGE SPAN STEEL TRUSS ARCH BRIDGE /
_cWANG JUN.
260 _aS.K.KATARIA ;
_c2014.
300 _a696 P. ;
942 _2ddc
_cBK
999 _c589468
_d589468